El Color en la poesia de Miquel Costa i Llobera / Miquel Dolç
Descripción Física:
95 p. ; 24 cm
MARC
| LEADER | 00000nam a2200000Ia 4500 | ||
|---|---|---|---|
| 001 | 11421 | ||
| 008 | 160829s1953 - 1954 xx 000 0 cat d | ||
| 080 | |a L-1-335 | ||
| 100 | |a Dolç, Miquel |9 30064 | ||
| 245 | |a El Color en la poesia de Miquel Costa i Llobera / Miquel Dolç | ||
| 260 | |a Barcelona : |b Institut d'Estudis Catalans, |c 1953 - 1954 | ||
| 300 | |a 95 p. ; |c 24 cm | ||
| 590 | |a Premi Alfons Bonay i Carbó 1954 | ||
| 650 | |a Costa i Llobera, Miquel |x Crítica i interpretació |9 30065 | ||
| 710 | 2 | |a Institut d'Estudis Catalans |9 52284 | |
| 901 | |a Arxiu | ||
| 942 | |n 1 | ||
| 952 | |0 0 |1 0 |4 0 |6 L1335 |7 1 |9 45240 |a Arxiu |b Arxiu |d 2016-12-01 |l 0 |o L-1-335 |p 11421 |r 2016-12-01 00:00:00 |w 2016-12-01 |y ARXIU | ||
| 999 | |c 48314 |d 48314 | ||